| 000 | 01413nam a22003737a 4500 | ||
|---|---|---|---|
| 003 | CHAP | ||
| 005 | 20220817043226.0 | ||
| 008 | 971013s1989 r 10010 d | ||
| 010 | _a68999 | ||
| 011 | _a69971 | ||
| 035 | _a79450 | ||
| 040 | _cCHAP | ||
| 082 |
_a635.063 _bC6 1989 |
||
| 111 | 0 | 0 |
_aCongreso Nacional de Horticultura ( _n3 _d: 1989 _c: Oaxtepec, Mor.) _927007 |
| 245 | _aPrograma y memoria de resúmenes | ||
| 260 |
_aChapingo, Méx. : _bLa Universidad, _c1989 |
||
| 300 | _a90 p. | ||
| 500 | _a32-150 | ||
| 590 |
_aBATCH-UPD _b10 _c20130110 _lUCH01 _h0605 |
||
| 590 |
_aBATCH-UPD _b10 _c20130410 _lUCH01 _h0246 |
||
| 590 |
_aBATCH-UPD _b10 _c20130914 _lUCH01 _h1007 |
||
| 590 |
_aCONVERSION _b10 _c20130109 _lUCH01 _h1338 |
||
| 650 | 1 | 4 |
_aHorticultura _xCongresos. _956318 |
| 710 | 0 |
_aColegio de Postgraduados. Chapingo, Méx. _925068 |
|
| 710 | 0 | _aUACH. | |
| 901 | _aBK | ||
| 942 | _cLIBRO | ||
| 949 |
_a635.063 C6 1989 _bBC _cCONG _d33724000613550 _eCONG _fc.5 _h76783 _i79450 _si |
||
| 949 |
_a635.063 C6 1989 _bBC _cCONG _d33724000613717 _eCONG _fc.2 _h76154 _i79450 _si |
||
| 949 |
_a635.063 C6 1989 _bBC _cCONG _d33724000640355 _eCONG _fc.6 _h76784 _i79450 _si |
||
| 949 |
_a635.063 C6 1989 _bBC _cLIBRO _d33724000009346 _eLIBRO _fc.4 _h87912 _i79450 _mD _si |
||
| 949 |
_a635.063 C6 1989 _bBC _cLIBRO _d33724000613709 _eLIBRO _h76153 _i79450 _si |
||
| 949 |
_a635.063 C6 1989 _bBC _cUACH _d-95318 _eUACH _fc.3 _h76155 _i79450 _si |
||
| 999 |
_c68999 _d68999 |
||